000
00307 a2200109 4500
001
ART_26479
005
20260410161933.0
008
260409a
245
1
0
_a
Interés directo e interés real
100
1
_a
Bisso, Ricardo A.
773
0
_t
Informe
_g
- Año II, Nº 14 (ago. 1970)
_w
REV23765
999
_c
28787
_d
28787